| 000 | 00972nam a2200277 a 4500 | ||
|---|---|---|---|
| 005 | 20191224041708.0 | ||
| 008 | 140312b2000 it ||||fr|||| 00| 0 eng d | ||
| 040 |
_aCO-BoIAVH _cCO-BoIAVH |
||
| 041 | _aeng | ||
| 044 | _ait | ||
| 082 |
_a333.9522 _bU58c |
||
| 090 |
_aLB _b03345 |
||
| 110 | 2 | _bUnited Nations Environment Programme | |
| 245 | 1 |
_aCITES 2000 _bmeeting of the Conference of the parties Convention on International Trade in Endangered Species, 10-20 April 2000, Gigiri, Nairobi, Kenya |
|
| 260 |
_aGeneva _bUNEP, CITES _c2000 |
||
| 300 |
_a16 paginas. _c29 x 21 cm |
||
| 650 | 6 | _aEspecies en peligro de extinción | |
| 650 | 6 | _aMamiferos | |
| 650 | 6 | _aPlantas | |
| 650 | 6 | _aReptiles | |
| 650 | 6 | _aPescado | |
| 650 | 6 | _aArtropodos | |
| 710 | _a^aSecretariat of the Convention on International Trade in Endangered Species of Wild Fauna and Flora | ||
| 942 |
_cLIBRO _2ddc |
||
| 945 | _d2004-01-23 | ||
| 999 |
_c3572 _d3572 |
||